000 00706nam a22002297a 4500
005 20170124110144.0
010 _a861951
020 _c00.00
_a0285622528
035 _a861951
037 _bCen Lib/Ret
040 _aDPL
_bEN
082 _a150.13
_bSHA
100 _aSharpe, Robert
_933104
245 _aThrive on strees :
_cby Robert Sharpe [and] David Lewis
_bhow to make it work to your advantage /
260 _aLondon
_bSouvenir Press
_c1977
270 _bLondon
_a43 great russell street
300 _a339p.
_c21cm(Hb)
650 _aStress (Psychology)
_933105
650 _aStress management
_933106
700 _aLewis, David
_933107
942 _2ddc
_cEN
_h150.13
_mSHA
999 _c131885
_d131885